Zwierzęta narodowe - Statystyki

Ogólne statystyki
  • Ten quiz został rozwiązany 3 808 razy
  • Średni wynik to 8 z 22
Statystyki odpowiedzi
Kraj Zwierzę % Poprawnych
Australia (zwierzę narodowe) Kangur
88%
Rosja Niedźwiedź
77%
Anglia Lew
58%
Chiny Smok
50%
Chiny Panda wielka
49%
Australia (ptak narodowy) Emu
48%
Indie (zwierzę narodowe) Tygrys bengalski
48%
Tajlandia Słoń
47%
Stany Zjednoczone (zwierzę narodowe) Bielik amerykański
45%
Nowa Zelandia Kiwi
41%
Francja Kogut
37%
Stany Zjednoczone (ssak narodowy) Bizon
29%
Arabia Saudyjska Wielbłąd jednogarbny
27%
Kanada Bóbr
25%
Japonia (ryba narodowa) Karp
24%
Indonezja Waran z Komodo
21%
Szkocja Jednorożec
19%
Chile (ptak narodowy) Kondor wielki
19%
Włochy Wilk apeniński
17%
Indie (gad narodowy) Kobra królewska
15%
Indie (ptak narodowy) Paw
12%
Republika Południowej Afryki Skocznik antylopi
2%
Nie znaleziono quizów pasujących do podanych kryteriów
Rozkład punktacji
Procent ludzi z każdym wynikiem
Percentyl według liczby udzielonych odpowiedzi
Twoja historia wyników
Nie rozwiązałeś tego quizu